Marketing v politike II zborník z konferencie
Salvato in:
| Altri autori: | |
|---|---|
| Natura: | Libro |
| Lingua: | slovacco |
| Pubblicazione: |
Hronský Beňadik
NETRI
2004
|
| Soggetti: | |
| Tags: |
Nessun Tag, puoi essere il primo ad aggiungerne!!
|
MARC
| LEADER | 00000nam$a2200000$$$4500 | ||
|---|---|---|---|
| 001 | 0025711 | ||
| 005 | 20240502071422.9 | ||
| 020 | |a 80-89202-01-2 | ||
| 041 | 0 | |a slo | |
| 044 | |a SK | ||
| 245 | 1 | 0 | |a Marketing v politike II |b zborník z konferencie |c [zostavovateľ: Antónia Štensová] |
| 264 | 1 | |a Hronský Beňadik |b NETRI |c 2004 | |
| 300 | |a 98 s. | ||
| 610 | 2 | 0 | |a marketing |
| 610 | 2 | 0 | |a politika |
| 610 | 2 | 0 | |a strany politické |
| 610 | 2 | 0 | |a politika hospodárska |
| 610 | 2 | 0 | |a správa štátna |
| 610 | 2 | 0 | |a voľby |
| 610 | 2 | 0 | |a legislatíva |
| 610 | 2 | 0 | |a komunikácia |
| 610 | 2 | 0 | |a kampane volebné |
| 610 | 2 | 0 | |a imidž |
| 610 | 2 | 0 | |a poslanci |
| 610 | 2 | 0 | |a Slovensko |
| 700 | 1 | |a Štensová, Antónia | |